000
00184 a2200097 4500
001
3337
100
_a
Bainbridge, J
245
_a
Garbo
260
_a
_b
Muller
_c
090
_c
2615
_d
2615
942
_a
NUST-CAE
_c
M
_c
17947
999
_c
238410
_d
238410